Statistics for "R" Synonyms

Click here to take the quiz!

General Stats

  • This quiz has been taken 65 times
  • The average score is 14 of 20

Answer Stats

WordR Synonyms% Correct
UncookedRaw
100%
WealthyRich
96%
CarpetRug
93%
TearRip
89%
StoneRock
86%
AngerRage
84%
DrizzleRain
84%
ScarletRed
84%
GunRevolver / Rifle
84%
UnusualRare
79%
AnswerRespond / Reply
75%
LiftRaise
72%
SpaciousRoomy
60%
OpponentRival
56%
GossipRumor
46%
QuitResign
40%
NoviceRookie
40%
UnrestRiot / Rowdy
33%
PutridRotten
32%
IsolatedRemote
28%

Score Distribution

Percentile by Number Answered

Percent of People with Each Score

Your Score History

You have not taken this quiz